00762nas a2200217Ia 4500001001100000003000900011008004100020040001300061040001300074041001300087100004900100210002400149222002400173245012900197250001100326260003800337501008600375300001900461362002600480650003800506R221/45428IT-RoPAU151124c99999999xx |||||||||||| ||und|| aIT-RoPAU cIT-RoPAU aITALIANO aBaricco AlessandrogCodice Aut. SPICS: 26431 aRIVISTA DI ESTETICA aRivista Di Estetica aRIVISTA DI ESTETICA, ANNO 21-N.09 (1981)bScrittura, Memoria, Interpretazione: Appunti Sulla Teoria Estetica di Th.W. Adorno a1a ed. aTORINObROSENBERG & SELLIERc1981 bPaulus - SPICS - Società San Paolo EM (non-commercial uses only)cCopyright2015 a14 p. [96-109] aANNO 021, N.09 (1981) aESTETICAvPUBBLICAZIONE PERIODICA